000 00632cam a22002173a 4500
001 43558
003 PGUSA
005 20140828084006.0
008 130825s2013||||xxu|||||s|||||000 | eng d
040 _aPGUSA
_beng
042 _adc
100 1 _aWalker, Abbie Phillips,
_d1867-
245 1 4 _aThe Sandman's Hour :
_bStories for Bedtime
_h[electronic resource] /
_cAbbie Phillips Walker
260 _bProject Gutenberg,
_c2013
506 _aPublic domain in the USA.
516 _aElectronic text
700 1 _aChase, Rhoda
830 0 _aProject Gutenberg
_v43558
856 4 0 _uhttp://www.gutenberg.org/ebooks/43558
942 _cEB
999 _c272809
_d272809